Casell's French dictionary : French-English,English-French

Bibliographic Details
Format: Book
Published: London : Cassell Publishers , 1988
Subjects:

MARC

LEADER 00000cam a2200000 7i4500
001 0000002946
002 000003190
005 20000330.0
020 |a 0304522619 
090 0 0 |a 443.21   |b CAS 
245 0 0 |a Casell's French dictionary :   |b French-English,English-French   |c completely revised by Denis Girard 
260 |a London :   |b Cassell Publishers ,   |c 1988 
300 |a p.v. ;   |c 23cm. 
650 0 0 |a English language   |x Dictionaries   |x French 
650 0 0 |a French-English   |x Dictionaries   |x English 
999 |a 036498   |b BUKU   |c RUJUKAN   |e PERPUSTAKAAN KOMUNITI PETALING JAYA